000 00863nas a2200289 i 4500
001 851
003 ES-MaACL
005 20250814011826.0
007 t|
008 950801c1947 xxu | | 1 ||ng d
022 _a0014-3820
080 _a(73)
080 _a57
245 0 0 _aEvolution
_b: international journal of organic evolution.
260 _aLawrence, Kansas :
_bSociety for the Study of Evolution,
_c1947-
300 _a23 v. ;
_c26 cm.
310 _aMensual,
_b2001-
321 _aBimestral,
_b1992-2000
321 _a8 veces al año,
_bhasta 1991
362 0 _a1947-
500 _aDescripción basada en : n. 1, v. 44.
650 1 7 _aBiología
_2embne
_910580
710 2 _aSociety for the Study of Evolution.
_96869
852 _aES-MaACL
_jHEM-H-406
_xHem-1858
_d
866 0 _o1990-2000(2001 f. n 12)2002-2005.
999 _c851
_d851